000 00694nab a2200193 4500
001 244442
003 OSt
005 20250528113825.0
007 tu
008 200917s2020|||||||
040 _aDE-2950
_cDE-2950
245 0 0 _aElf Notfall-Leuchttürme sollen bei Stromausfall helfen
_bKatastrophenschutz. Zur Vorsorge unter anderem gegen großflächige Stromausfälle sind in Frankfurt elf Notfall-Leuchttürme geplant. Wie die Umsetzung läuft/
_cSelim Pekel
264 _c2024
653 _aFrankfurt (Oder)
653 _aKatastrophenschutz
653 _aNotfall-Leuchttürme
773 0 _g36. Jahrgang (2025) Nr. 113 vom 15.05.2025, S. 15 mit Foto
_tMärkische Oderzeitung
942 _2z
_cA
999 _c373785
_d373785